[Event "Aeroflot Open"]
[Site "Moscow RUS"]
[Date "2009.02.25"]
[Round "9"]
[White "Dziuba, M."]
[Black "Ipatov, A UKR."]
[Result "1-0"]
[WhiteElo "2556"]
[BlackElo "2494"]
[PlyCount "77"]
[EventDate "2009.02.17"]

1. d4 Nf6 2. c4 g6 3. Nc3 d5 4. cxd5 Nxd5 5. e4 Nxc3 6. bxc3 Bg7 7. Nf3 c5 8.
Be2 Nc6 9. d5 Bxc3+ 10. Bd2 Bxa1 11. Qxa1 Nd4 12. Nxd4 cxd4 13. Qxd4 f6 14. O-O
Qb6 15. Qa1 Bd7 16. Bc3 Rc8 17. Bd4 Qa5 18. Qb2 b6 19. f4 O-O 20. Bd3 f5 21. d6
exd6 22. Qb3+ d5 23. exd5 Qa4 24. Qb2 Qa5 25. Qb3 h5 26. d6+ Kh7 27. h3 Rc5 28.
Bc4 Rcc8 29. Bg8+ Kh6 30. Qg3 Rxg8 31. Qg5+ Kh7 32. Qe7+ Kh6 33. Bf6 g5 34.
Bxg5+ Rxg5 35. fxg5+ Kg6 36. Qf6+ Kh7 37. Qf7+ Kh8 38. g6 Qc5+ 39. Kh1 1-0

[Event "Aeroflot Open"]
[Site "Moscow RUS"]
[Date "2009.02.24"]
[Round "8"]
[White "Chadaev, N."]
[Black "Dziuba, M."]
[Result "1-0"]
[WhiteElo "2568"]
[BlackElo "2556"]
[PlyCount "143"]
[EventDate "2009.02.17"]

1. c4 c6 2. Nf3 d5 3. e3 Nf6 4. Nc3 g6 5. d4 Bg7 6. Be2 O-O 7. O-O Qb6 8. b3
Bg4 9. h3 Bxf3 10. Bxf3 e6 11. Qc2 Nbd7 12. Ba3 Rfe8 13. Bd6 a6 14. Rfd1 h5 15.
Rab1 Qd8 16. Bg3 Qe7 17. Be2 b5 18. Rbc1 Bh6 19. Bd3 Rac8 20. cxd5 exd5 21. Ne2
Nf8 22. a4 Ne6 23. axb5 axb5 24. Ra1 Qb7 25. Ra5 Ra8 26. Rda1 Rxa5 27. Rxa5 Ra8
28. Qa2 Rxa5 29. Qxa5 Bf8 30. Nf4 Ng7 31. Ne2 Nge8 32. f3 Qe7 33. Kf2 Bh6 34.
Qd2 Nd6 35. Bc2 h4 36. Bh2 Nh5 37. Qc3 Qd7 38. Be5 Ng7 39. e4 dxe4 40. fxe4
Nge8 41. Ng1 Bf8 42. Nf3 b4 43. Qe3 Qa7 44. Nxh4 Nb5 45. Bd3 Qa2+ 46. Qe2 Qxb3
47. Bc4 Qc3 48. Nxg6 Bg7 49. Ne7+ Kf8 50. Nxc6 Nxd4 51. Bxg7+ Nxg7 52. Nxd4
Qxd4+ 53. Kf3 Nh5 54. Qd3 Qf6+ 55. Ke3 Nf4 56. Qf1 Nh5 57. Qxf6 Nxf6 58. Kd4
Nh5 59. Ke3 Kg7 60. g4 Nf6 61. e5 Nd7 62. Kd4 Nf8 63. h4 Kg6 64. Kc5 Kg7 65. h5
Nd7+ 66. Kd6 Nf8 67. g5 Nh7 68. h6+ Kh8 69. e6 fxe6 70. g6 Nf8 71. g7+ Kg8 72.
gxf8=Q+ 1-0

[Event "Aeroflot Open"]
[Site "Moscow RUS"]
[Date "2009.02.23"]
[Round "7"]
[White "Dziuba, M."]
[Black "Mamedov, Rau"]
[Result "0-1"]
[WhiteElo "2556"]
[BlackElo "2638"]
[PlyCount "58"]
[EventDate "2009.02.17"]

1. d4 g6 2. c4 Bg7 3. e4 d6 4. Nc3 Nc6 5. Be3 e5 6. d5 Nce7 7. c5 f5 8. Bb5+
Bd7 9. Nf3 h6 10. Qb3 Nf6 11. exf5 gxf5 12. Rd1 f4 13. Bc1 O-O 14. c6 Bc8 15.
Bd3 bxc6 16. dxc6+ Kh8 17. Bb1 Qe8 18. O-O Qxc6 19. Nh4 Qe8 20. g3 Qh5 21. Qc4
Nf5 22. Bxf5 Bxf5 23. Qxc7 Bh3 24. Rfe1 Rg8 25. Rxd6 Ne8 26. Rxe5 Bxe5 27.
Rxh6+ Qxh6 28. Qxe5+ Nf6 29. Bxf4 Qxh4 0-1

[Event "Aeroflot Open"]
[Site "Moscow RUS"]
[Date "2009.02.20"]
[Round "4"]
[White "Kazhgaleyev, M."]
[Black "Dziuba, M."]
[Result "1-0"]
[WhiteElo "2630"]
[BlackElo "2556"]
[PlyCount "109"]
[EventDate "2009.02.17"]

1. d4 Nf6 2. c4 g6 3. Nc3 Bg7 4. e4 d6 5. Be2 O-O 6. Nf3 e5 7. O-O Nc6 8. d5
Ne7 9. b4 Nh5 10. Re1 f5 11. Ng5 Nf6 12. Bf3 c6 13. Bb2 cxd5 14. exd5 e4 15.
Be2 h6 16. Ne6 Bxe6 17. dxe6 Qb6 18. Qb3 Kh7 19. Nb5 a6 20. c5 dxc5 21. bxc5
Qc6 22. Nd6 Qxc5 23. Red1 b5 24. Rac1 Qb6 25. Bd4 Qb8 26. Nf7 Rc8 27. Bc5 Neg8
28. e7 Qf4 29. g3 Qc7 30. Nd6 Rcb8 31. Nf7 Re8 32. Bd6 Qb6 33. Bc7 Qa7 34. Bd8
Nxe7 35. Rc7 Qb6 36. Rcd7 Raxd8 37. Rxd8 Nc6 38. Rxe8 Nxe8 39. Qe6 Nc7 40. Qd6
Ne8 41. Qd7 Nd4 42. Qxe8 Nxe2+ 43. Kg2 Nd4 44. Rc1 g5 45. Rc8 Qb7 46. Rb8 Qc7
47. Rd8 e3 48. Qg8+ Kg6 49. Rxd4 e2 50. Nh8+ Kf6 51. Qe8 Qe7 52. Qg6+ Ke5 53.
Qb6 Qe6 54. f4+ Kf6 55. Qd8+ 1-0

[Event "Aeroflot Open"]
[Site "Moscow RUS"]
[Date "2009.02.19"]
[Round "3"]
[White "Dziuba, M."]
[Black "Landa, K."]
[Result "1/2-1/2"]
[WhiteElo "2556"]
[BlackElo "2626"]
[PlyCount "51"]
[EventDate "2009.02.17"]

1. d4 Nf6 2. c4 e6 3. Nf3 d5 4. g3 dxc4 5. Bg2 Nc6 6. Qa4 Bb4+ 7. Bd2 Nd5 8.
Bxb4 Ndxb4 9. Nc3 Bd7 10. O-O a5 11. Qd1 O-O 12. e3 a4 13. Qe2 Na5 14. Ne5 Qe8
15. Nxc4 Bb5 16. Nxb5 Qxb5 17. Rfc1 Nd5 18. Bf1 Nxc4 19. Rxc4 c6 20. a3 Rfd8
21. Rac1 Qb6 22. Qc2 Ra5 23. Rc5 g6 24. Qd2 Ra7 25. h4 Nf6 26. Qc2 1/2-1/2

[Event "Aeroflot Open"]
[Site "Moscow RUS"]
[Date "2009.02.18"]
[Round "2"]
[White "Van Wely, L."]
[Black "Dziuba, M."]
[Result "0-1"]
[WhiteElo "2625"]
[BlackElo "2556"]
[PlyCount "94"]
[EventDate "2009.02.17"]

1. d4 d5 2. c4 c6 3. Nc3 Nf6 4. Nf3 dxc4 5. a4 Bf5 6. e3 e6 7. Bxc4 Bb4 8. O-O
O-O 9. Nh4 Qe7 10. Nxf5 exf5 11. Qc2 g6 12. f3 c5 13. Na2 Ba5 14. dxc5 Nc6 15.
Kh1 Nh5 16. g3 Rad8 17. Rb1 Bc7 18. Kg2 Rd7 19. b4 Rfd8 20. Bb5 Qg5 21. f4 Qe7
22. a5 a6 23. Be2 Nf6 24. Nc3 h5 25. Bf3 Ng4 26. Nd1 h4 27. h3 Nf6 28. g4 fxg4
29. hxg4 Nd5 30. Bxd5 Rxd5 31. Nf2 Qe6 32. Qe4 Qd7 33. Bb2 Rd2 34. Bc3 Ra2 35.
Kf3 Re8 36. Rbd1 Qc8 37. Qc4 Ra3 38. Ne4 Rxe4 39. Kxe4 Qxg4 40. Rg1 Qf5+ 41.
Kf3 Be5 42. Bd2 Nd4+ 43. Kg2 Qg4+ 44. Kf2 Qf3+ 45. Ke1 Rxe3+ 46. Bxe3 Qxe3+ 47.
Kf1 Qxf4+ 0-1

[Event "Aeroflot Open"]
[Site "Moscow RUS"]
[Date "2009.02.17"]
[Round "1"]
[White "Dziuba, M."]
[Black "Nepomniachtchi, I."]
[Result "1/2-1/2"]
[WhiteElo "2556"]
[BlackElo "2628"]
[PlyCount "76"]
[EventDate "2009.02.17"]

1. d4 d5 2. c4 c6 3. Nf3 Nf6 4. e3 Bg4 5. Qb3 Qb6 6. Nc3 e6 7. Nh4 g5 8. h3 Bh5
9. g4 gxh4 10. gxh5 Nbd7 11. Qc2 Bb4 12. Bd2 Bxc3 13. Bxc3 Ne4 14. Rg1 Ndf6 15.
Bd3 O-O-O 16. O-O-O Nxc3 17. Qxc3 Qc7 18. h6 Qh2 19. Rg7 dxc4 20. Bxc4 Rhf8 21.
Qb3 Nd5 22. Qc2 Qxh3 23. Qe4 Qh2 24. Qf3 Qc7 25. Rxh7 c5 26. Kb1 Kb8 27. Rc1
Qe7 28. dxc5 Qg5 29. Bxd5 Rxd5 30. e4 Rxc5 31. Rxc5 Qxc5 32. Rxf7 Rc8 33. a3
Qc1+ 34. Ka2 Qc4+ 35. Kb1 Qf1+ 36. Ka2 Qc4+ 37. Kb1 Qc2+ 38. Ka2 Qc4+ 1/2-1/2

[Event "Aeroflot Open"]
[Site "Moscow RUS"]
[Date "2009.02.25"]
[Round "9"]
[White "Gajewski, G."]
[Black "Ghaem Maghami, E."]
[Result "1/2-1/2"]
[WhiteElo "2581"]
[BlackElo "2604"]
[PlyCount "24"]
[EventDate "2009.02.17"]

1. d4 Nf6 2. c4 e6 3. Nc3 Bb4 4. Qc2 O-O 5. e4 d6 6. a3 Bxc3+ 7. bxc3 e5 8. Bd3
c5 9. Ne2 cxd4 10. cxd4 b6 11. O-O Nc6 12. Bg5 h6 1/2-1/2

[Event "Aeroflot Open"]
[Site "Moscow RUS"]
[Date "2009.02.24"]
[Round "8"]
[White "Gajewski, G."]
[Black "Grigoryan, Av"]
[Result "1-0"]
[WhiteElo "2581"]
[BlackElo "2506"]
[PlyCount "141"]
[EventDate "2009.02.17"]

1. d4 Nf6 2. c4 g6 3. Nc3 Bg7 4. e4 d6 5. Nf3 O-O 6. Be2 e5 7. O-O Nc6 8. d5
Ne7 9. b4 a5 10. bxa5 c5 11. Bd2 Rxa5 12. Ne1 Nd7 13. f3 f5 14. g4 Kh8 15. Ng2
Ng8 16. h4 Ndf6 17. exf5 gxf5 18. g5 Nh5 19. f4 Ng3 20. Rf3 Nxe2+ 21. Nxe2 Ra6
22. Ng3 Qe8 23. Re3 Qa4 24. Nh5 Qxd1+ 25. Rxd1 e4 26. Nxg7 Kxg7 27. h5 Rxa2 28.
Nh4 Ne7 29. Rg3 Kf7 30. Bc3 Rc2 31. Rb1 Ke8 32. g6 hxg6 33. Bg7 Rg8 34. h6 Kf7
35. Ba1 Rxc4 36. h7 Re8 37. h8=Q Rxh8 38. Bxh8 Rc2 39. Kh1 Rf2 40. Kg1 Rd2 41.
Bc3 Rxd5 42. Kf2 c4 43. Rh1 Rd3 44. Ng2 b5 45. Ne1 Rxc3 46. Rxc3 Nd5 47. Ra3
Nxf4 48. Ke3 Nd5+ 49. Kd4 Nb4 50. Ra7+ Kf6 51. Rc7 Be6 52. Ng2 Kg5 53. Rg1 Kf6
54. Nf4 Bf7 55. Rd7 Nc2+ 56. Kc3 Ne3 57. Nxg6 Bxg6 58. Rxd6+ Ke5 59. Rgxg6 Nd5+
60. Kc2 Nf4 61. Rh6 b4 62. Rb6 b3+ 63. Kc3 e3 64. Kxc4 e2 65. Rh8 Ke4 66. Rxb3
Ng6 67. Re8+ Ne5+ 68. Rxe5+ Kxe5 69. Re3+ Kf4 70. Kd3 e1=B 71. Rxe1 1-0

[Event "Aeroflot Open"]
[Site "Moscow RUS"]
[Date "2009.02.22"]
[Round "6"]
[White "Bocharov, D."]
[Black "Gajewski, G."]
[Result "1-0"]
[WhiteElo "2647"]
[BlackElo "2581"]
[PlyCount "67"]
[EventDate "2009.02.17"]

1. d4 Nf6 2. c4 e6 3. Nc3 Bb4 4. Qc2 O-O 5. a3 Bxc3+ 6. Qxc3 d5 7. cxd5 exd5 8.
Bf4 Nc6 9. f3 Re8 10. g4 h5 11. h3 Nd7 12. O-O-O Nb6 13. e3 Qe7 14. gxh5 Bf5
15. Ne2 Qf6 16. Ng3 Na4 17. Qd2 Bh7 18. Bb5 Nb6 19. Rhg1 Kh8 20. Qc3 Re6 21. h6
Qh4 22. hxg7+ Kg8 23. Bd3 Ne5 24. Bxh7+ Qxh7 25. dxe5 Rc6 26. Qxc6 bxc6 27. e4
Kxg7 28. Nf5+ Kf8 29. Bh6+ Ke8 30. Rg7 Qh8 31. Rdg1 Kd7 32. Rxf7+ Ke8 33. Rgg7
dxe4 34. Rxc7 1-0

[Event "Aeroflot Open"]
[Site "Moscow RUS"]
[Date "2009.02.21"]
[Round "5"]
[White "Gajewski, G."]
[Black "Salem, AR."]
[Result "1/2-1/2"]
[WhiteElo "2581"]
[BlackElo "2473"]
[PlyCount "138"]
[EventDate "2009.02.17"]

1. c4 c6 2. d4 d5 3. Nf3 Nf6 4. e3 e6 5. Bd3 dxc4 6. Bxc4 Nbd7 7. O-O Bd6 8.
Nc3 O-O 9. Qc2 b5 10. Bd3 Bb7 11. a3 a6 12. Ng5 Bxh2+ 13. Kxh2 Ng4+ 14. Kg1
Qxg5 15. f3 Ngf6 16. e4 Qh4 17. Be3 e5 18. Ne2 Rad8 19. Qd2 h6 20. Bf2 Qg5 21.
Qxg5 hxg5 22. Rfd1 exd4 23. Nxd4 c5 24. Nf5 g6 25. Nd6 Bc6 26. Bf1 c4 27. Be3
g4 28. Bh6 gxf3 29. gxf3 Ne5 30. Be2 Nh5 31. Kf2 Rd7 32. Bxf8 Kxf8 33. Nc8 Nf4
34. Rxd7 Bxd7 35. Nb6 Bc6 36. Ke3 g5 37. Rd1 f6 38. Rd6 Kf7 39. Bf1 Ne6 40. Bh3
Nc5 41. Nd5 Bxd5 42. Rxd5 Ncd3 43. Bc8 Nf4 44. Rxe5 fxe5 45. Bxa6 Nd3 46. Bxb5
Nxb2 47. Kd2 Ke7 48. Kc3 Nd1+ 49. Kxc4 Kd6 50. Kb3 Kc5 51. Be2 Ne3 52. a4 Kb6
53. Kb4 Nc2+ 54. Kc4 Ne3+ 55. Kd3 Ng2 56. Bf1 Nf4+ 57. Kc4 Ka5 58. Kc5 Kxa4 59.
Kd6 Ng6 60. Bh3 Kb4 61. Bf5 Nh4 62. Bg4 Ng6 63. Ke6 Kc5 64. Kf6 Nf4 65. Kxe5
Nd3+ 66. Kf5 Kd4 67. Kf6 Nf4 68. e5 Nd5+ 69. Ke6 Ne3 1/2-1/2

[Event "Aeroflot Open"]
[Site "Moscow RUS"]
[Date "2009.02.18"]
[Round "2"]
[White "Gajewski, G."]
[Black "Dyachkov, S."]
[Result "0-1"]
[WhiteElo "2581"]
[BlackElo "2553"]
[PlyCount "162"]
[EventDate "2009.02.17"]

1. d4 Nf6 2. c4 g6 3. Nc3 Bg7 4. e4 d6 5. Nf3 O-O 6. Be2 e5 7. O-O Nc6 8. d5
Ne7 9. b4 Nh5 10. Re1 f5 11. Ng5 Nf6 12. Bf3 Kh8 13. Rb1 fxe4 14. Ngxe4 Nf5 15.
Bg5 Nxe4 16. Nxe4 Qe8 17. c5 Bd7 18. cxd6 cxd6 19. Bg4 Ba4 20. Qd2 h6 21. Be3
Qe7 22. b5 a6 23. b6 Bd7 24. h3 Nxe3 25. Rxe3 Bf5 26. Qb4 h5 27. Bf3 Rac8 28.
Rbe1 Rfd8 29. Rc3 Rxc3 30. Qxc3 Rc8 31. Qa3 Bf8 32. Kh2 Qd8 33. Qb3 Be7 34. a4
Qf8 35. a5 Qh6 36. Qe3 Kg7 37. Qa3 Bxe4 38. Bxe4 Qd2 39. Qg3 Bg5 40. Rd1 Qf4
41. Qxf4 Bxf4+ 42. g3 Bh6 43. h4 Rc5 44. Rd3 Bc1 45. Kg2 Bb2 46. g4 Rc4 47. Re3
hxg4 48. Bd3 Ra4 49. Rg3 Kh6 50. Be2 Rxa5 51. Rxg4 Rxd5 52. Bf3 Rd4 53. Be4 a5
54. Rxg6+ Kh5 55. Bc2 Rg4+ 56. Rxg4 Kxg4 57. Be4 Bd4 58. Bxb7 Bxb6 59. Bc6 Kxh4
60. f3 Kg5 61. Kf1 Kf5 62. Ke2 Ke6 63. Kd3 d5 64. Ba4 Kd6 65. Bb5 Kc5 66. Ba4
Bd8 67. Be8 Bg5 68. Bd7 Kb4 69. Be6 d4 70. Kc2 a4 71. Bf7 Bf4 72. Be6 Bg3 73.
Bf7 Ka3 74. Bc4 Bf4 75. Bb5 Kb4 76. Bd3 a3 77. Bf5 a2 78. Kb2 a1=Q+ 79. Kxa1
Kc3 80. Ka2 d3 81. Kb1 Kd2 0-1

[Event "Aeroflot Open"]
[Site "Moscow RUS"]
[Date "2009.02.17"]
[Round "1"]
[White "Naiditsch, A."]
[Black "Gajewski, G."]
[Result "1-0"]
[WhiteElo "2693"]
[BlackElo "2581"]
[PlyCount "107"]
[EventDate "2009.02.17"]

1. e4 e5 2. Nf3 Nc6 3. Bb5 Nf6 4. O-O Nxe4 5. d4 Nd6 6. Bxc6 dxc6 7. dxe5 Nf5
8. Qxd8+ Kxd8 9. Nc3 Ke8 10. Ne4 Be6 11. h3 h5 12. Bg5 Be7 13. Rad1 b6 14. Rd2
Rd8 15. Rxd8+ Bxd8 16. Bxd8 Kxd8 17. Neg5 Bd5 18. e6 Bxe6 19. Ne5 Kc8 20. Nexf7
Bxf7 21. Nxf7 Re8 22. g4 Nd4 23. c3 Nf3+ 24. Kg2 hxg4 25. hxg4 Re1 26. Rxe1
Nxe1+ 27. Kf1 Nd3 28. b3 Nc1 29. Ke1 Nxa2 30. Kd2 b5 31. Ne5 b4 32. c4 Nc3 33.
Kd3 c5 34. f4 Kd8 35. f5 Ke7 36. g5 Na2 37. Nc6+ Kf7 38. Na5 Ke7 39. Ke3 Nc3
40. Nb7 Nd1+ 41. Kf3 Nc3 42. Nxc5 Kd6 43. Nb7+ Ke7 44. Na5 Ke8 45. Ke3 Nd1+ 46.
Ke2 Nc3+ 47. Kf3 Kf8 48. Ke3 Nd1+ 49. Kd4 g6 50. fxg6 Kg7 51. Nc6 Kxg6 52. Nxa7
Nc3 53. Nb5 Na2 54. c5 1-0

[Event "Aeroflot Open"]
[Site "Moscow RUS"]
[Date "2009.02.23"]
[Round "7"]
[White "Kosintseva, N."]
[Black "Bartel, Mat"]
[Result "1/2-1/2"]
[WhiteElo "2486"]
[BlackElo "2594"]
[PlyCount "120"]
[EventDate "2009.02.17"]

1. e4 c6 2. d4 d5 3. exd5 cxd5 4. c4 Nf6 5. Nc3 e6 6. Nf3 Bb4 7. cxd5 Nxd5 8.
Qc2 Nc6 9. Bd3 h6 10. O-O Be7 11. a3 O-O 12. Rd1 Bd7 13. Qe2 Rc8 14. Bb1 Bd6
15. Nxd5 exd5 16. Qd3 f5 17. Ba2 Ne7 18. Ne5 Ba4 19. Re1 Qb6 20. b3 Bb5 21. Qd1
Qc7 22. Bb1 Bxe5 23. dxe5 d4 24. a4 Ba6 25. Ba3 Rfd8 26. Bd6 Rxd6 27. exd6 Qxd6
28. Bd3 Bxd3 29. Qxd3 Rc3 30. Qb5 Kh7 31. Rad1 b6 32. Qe8 Rc7 33. h3 d3 34. Rd2
Rc2 35. Red1 Qf4 36. g3 Qe4 37. Rxd3 Qe2 38. R3d2 Rxd2 39. Rxd2 Qxd2 40. Qxe7
Qd1+ 41. Kg2 Qd5+ 42. Kg1 Qxb3 43. Qxa7 f4 44. gxf4 Qxh3 45. Qxb6 Qg4+ 46. Kf1
Qd1+ 47. Kg2 Qxa4 48. Qb1+ Kg8 49. Qb8+ Kf7 50. Qc7+ Kg6 51. Qd6+ Kh7 52. Qd3+
g6 53. Kg3 h5 54. Qd8 Qa1 55. Qe7+ Qg7 56. Qe5 Qxe5 57. fxe5 g5 58. f4 gxf4+
59. Kxf4 Kg6 60. e6 Kf6 1/2-1/2

[Event "Aeroflot Open"]
[Site "Moscow RUS"]
[Date "2009.02.21"]
[Round "5"]
[White "Zherebukh, Y."]
[Black "Bartel, Mat"]
[Result "1/2-1/2"]
[WhiteElo "2558"]
[BlackElo "2594"]
[PlyCount "77"]
[EventDate "2009.02.17"]

1. e4 e5 2. Nf3 Nc6 3. Bb5 a6 4. Ba4 Nf6 5. O-O b5 6. Bb3 Bb7 7. d3 Be7 8. Re1
O-O 9. h3 h6 10. Nbd2 Re8 11. c3 Bf8 12. Nf1 Na5 13. Bc2 c5 14. Ng3 d5 15. Qe2
g6 16. a3 dxe4 17. dxe4 Qc7 18. b3 c4 19. b4 Nb3 20. Bxb3 cxb3 21. Qb2 Rac8 22.
Qxb3 Qxc3 23. Qxc3 Rxc3 24. Bb2 Rb3 25. Rab1 Bd6 26. Kf1 Bb8 27. Nd2 Rd3 28.
Ke2 Rxg3 29. fxg3 Nxe4 30. Nxe4 Bxe4 31. Rbd1 Bxg2 32. h4 Bh3 33. Kf2 f6 34.
Bd4 Kf7 35. Be3 h5 36. Rd5 Be6 37. Rc5 Bd7 38. Rd1 Ke6 39. Rc3 1/2-1/2

[Event "Aeroflot Open"]
[Site "Moscow RUS"]
[Date "2009.02.20"]
[Round "4"]
[White "Bartel, Mat"]
[Black "Kosintseva, T."]
[Result "0-1"]
[WhiteElo "2594"]
[BlackElo "2497"]
[PlyCount "86"]
[EventDate "2009.02.17"]

1. e4 e5 2. Nf3 Nc6 3. Bb5 a6 4. Ba4 Nf6 5. O-O Be7 6. Bxc6 dxc6 7. d3 Nd7 8.
Nbd2 O-O 9. Nc4 f6 10. Nh4 Nc5 11. Nf5 Ne6 12. Kh1 c5 13. a4 a5 14. f4 exf4 15.
Bxf4 Nd4 16. Nxe7+ Qxe7 17. c3 Ne6 18. Bg3 b6 19. Ne3 Bb7 20. Qg4 Rae8 21. Nd5
Qd8 22. c4 c6 23. Ne3 Nd4 24. Rad1 Bc8 25. Qf4 Ne2 26. Qf2 Nxg3+ 27. Qxg3 Qd4
28. Qf2 f5 29. Nxf5 Qxf2 30. Rxf2 g6 31. Nd6 Rxf2 32. Nxe8 Rxb2 33. Kg1 Kf8 34.
Nf6 Ke7 35. Nxh7 Bg4 36. Rf1 Be2 37. Rf6 Bxd3 38. Rxg6 b5 39. Rg7+ Kd6 40. Ng5
bxa4 41. Nf7+ Ke6 42. Nd8+ Kf6 43. Rd7 Bxe4 0-1

[Event "Aeroflot Open"]
[Site "Moscow RUS"]
[Date "2009.02.19"]
[Round "3"]
[White "Wen Yang"]
[Black "Bartel, Mat"]
[Result "1/2-1/2"]
[WhiteElo "2504"]
[BlackElo "2594"]
[PlyCount "56"]
[EventDate "2009.02.17"]

1. e4 e6 2. d4 d5 3. Nc3 Bb4 4. e5 c5 5. a3 Ba5 6. b4 cxd4 7. Nb5 Bc7 8. f4 Bd7
9. Nf3 Nh6 10. Bd3 a6 11. Nxc7+ Qxc7 12. Bb2 Nc6 13. Qd2 O-O 14. O-O Rac8 15.
Kh1 Nf5 16. Bxf5 exf5 17. Rf2 a5 18. Nxd4 axb4 19. axb4 Ra8 20. Rff1 Be6 21.
Nxc6 Qxc6 22. Bd4 Qc4 23. Kg1 Rfc8 24. Rxa8 Rxa8 25. Ra1 Rxa1+ 26. Bxa1 Bd7 27.
Bd4 Bb5 28. h3 h6 1/2-1/2

[Event "Aeroflot Open"]
[Site "Moscow RUS"]
[Date "2009.02.18"]
[Round "2"]
[White "Bartel, Mat"]
[Black "Grachev, B."]
[Result "0-1"]
[WhiteElo "2594"]
[BlackElo "2655"]
[PlyCount "80"]
[EventDate "2009.02.17"]

1. d4 d5 2. c4 c6 3. Nf3 Nf6 4. Nc3 e6 5. Qd3 dxc4 6. Qxc4 b5 7. Qd3 a6 8. g3
c5 9. Bg2 Bb7 10. O-O Nbd7 11. Bf4 cxd4 12. Qxd4 Bc5 13. Qd3 O-O 14. Rad1 Qb6
15. a3 Rfd8 16. Qb1 Rac8 17. h3 h6 18. g4 Qa7 19. Bd6 Bxd6 20. Rxd6 Nb6 21.
Rxd8+ Rxd8 22. Rd1 Qa8 23. Rxd8+ Qxd8 24. Qd1 Qc7 25. Qd4 Nc4 26. Nd1 Bd5 27.
Ne3 Nxe3 28. Qxe3 a5 29. Qd2 Ne4 30. Qd1 Qc5 31. Nd4 Nd6 32. Nb3 Bxb3 33. Qxb3
a4 34. Qd1 Qe5 35. Bf1 Nc4 36. b3 axb3 37. Qxb3 Nd2 38. Qd3 Qb2 39. e3 Nf3+ 40.
Kh1 Qxf2 0-1